000 00664nam a2200229 i 4500
001 C2-0077279
003 PPAK
005 20180727082550.0
008 970429s my |||| ||||| | eng d
040 _aPPAK
_beng
_cPPAK
_erda
082 0 4 _a499.23045
_223
090 0 0 _a499.23045
_bBAU
_dKIH
100 1 _aBaughman, Burr,
_eauthor
245 1 0 _aSpeaking Iban
264 1 _a[Kuching, Sarawak] :
_bSarawak Information Service Publications ,
_c[date of publication not identified]
300 _a76 pages ;
_c25 cm
336 _2rdacontent
_atext
337 _2rdamedia
_aunmediated
338 _2rdacarrier
_avolume
650 1 0 _aIban language
942 _ddc
_cB
999 _c12389
_d12389